00360nam a2200121 a 450000100100000000500170001000800410002704000250006808200140009324500310010726000660013830000340020400001370420200929163322.0091127s19uu dr ac 000 0 spa d aDO-SdBNPbspacBNPHU axxxxbxxx00aLa Republique Dominicaine. a[Ciudad Trujillo, República Dominicana] :b[s.d.],c{19uu]. a35 p. :bil., retr. ;c32 cm.